Systém pre tvorbu funkcií príslušnosti

Saved in:
Bibliographic Details
Main Author: Tóth, Tamás, 1980- (Author)
Other Authors: Píš, Pavel, 1939- (Thesis advisor)
Format: Manuscript Book
Published: Bratislava : STU v Bratislave FEI, 2003
Subjects:
Tags: Add Tag
No Tags, Be the first to tag this record!

MARC

LEADER 00000ntm a22000003a 4500
001 stu83308
005 20150617225635.8
008 040123s2003----------------------------d
040 |a STU  |b slo 
041 0
100 1 |a Tóth, Tamás,  |d 1980-  |4 aut  |u E230  |U FEI Fakulta elektrotechniky a informatiky  |T FEI Katedra rádioelektroniky  |X 10188  |U E230  |Y 71  |7 A000010188 
245 1 |a Systém pre tvorbu funkcií príslušnosti 
260 |a Bratislava :  |b STU v Bratislave FEI,  |c 2003 
300 |a 66 s 
650 7 |a elektronika  |2 stusub 
700 1 |a Píš, Pavel,  |d 1939-  |4 ths  |u E230  |U FEI Fakulta elektrotechniky a informatiky  |T FEI Katedra rádioelektroniky  |X 2018  |U E230  |Y 71  |7 A000002018